FMD: guidance for growers of crops and grass (Record no. 66671)

MARC details
000 -LEADER
fixed length control field 00735cam a2200193 4500
001 - CONTROL NUMBER
control field WB3714-49
008 - FIXED-LENGTH DATA ELEMENTS--GENERAL INFORMATION
fixed length control field 000000n2001 000 0 eng u
035 ## - SYSTEM CONTROL NUMBER
System control number (Sirsi) u111872
245 ## - TITLE STATEMENT
Title FMD: guidance for growers of crops and grass
260 ## - PUBLICATION, DISTRIBUTION, ETC.
Date of publication, distribution, etc. 2001
490 ## - SERIES STATEMENT
Series statement MAFF Press Release
Volume/sequential designation (118/02) 2 April 2001,(6)
520 ## - SUMMARY, ETC.
Summary, etc. The MAFF has issued guidance on the precautions to be taken in order to safeguard all types of farming operations in the light of the current foot and mouth crisis. Includes copy of guidance. Also available at http://www.maff.gov.uk.
590 ## - LOCAL NOTE (RLIN)
Local note WB
650 ## - SUBJECT ADDED ENTRY--TOPICAL TERM
Topical term or geographic name entry element FOOT-AND-MOUTH DISEASE
650 ## - SUBJECT ADDED ENTRY--TOPICAL TERM
Topical term or geographic name entry element ARABLE FARMING
650 ## - SUBJECT ADDED ENTRY--TOPICAL TERM
Topical term or geographic name entry element GUIDANCE
690 ## - LOCAL SUBJECT ADDED ENTRY--TOPICAL TERM (OCLC, RLIN)
Topical term or geographic name as entry element RURAL-AGRICULTURE AND FORESTRY
942 ## - ADDED ENTRY ELEMENTS (KOHA)
Suppress in OPAC 0
Holdings
Withdrawn status Lost status Source of classification or shelving scheme Damaged status Not for loan Home library Current library Shelving location Date acquired Total Checkouts Full call number Barcode Date last seen Copy number Price effective from Koha item type
    Dewey Decimal Classification     London London News article 05/04/2001   WB3714-49 111872-1001 06/08/2019 1 06/08/2019 News article